书目信息 |
| 题名: |
信息技术教学参考书
|
|
| 作者: | 徐维祥 , 王健 , 张卫民 主编 | |
| 分册: | 下册 | |
| 出版信息: | 北京 高等教育出版社 2022.07 |
|
| 页数: | 125页 | |
| 开本: | 30cm | |
| 丛书名: | ||
| 单 册: | ||
| 中图分类: | G633.673 | |
| 科图分类: | ||
| 主题词: | 计算机课--职业高中--教学参考资料 | |
| 电子资源: | ||
| ISBN: | 978-7-04-057995-6 | |
| 000 | 01189nam0 2200277 450 | |
| 001 | 012001002950 | |
| 005 | 20221208084522.48 | |
| 010 | @a978-7-04-057995-6@dCNY27.60 | |
| 100 | @a20220905d2022 em y0chiy0110 ea | |
| 101 | 0 | @achi |
| 102 | @aCN@b110000 | |
| 105 | @ay z 000yy | |
| 106 | @ar | |
| 200 | 1 | @a信息技术教学参考书@Axin xi ji shu jiao xue can kao shu@h下册@f高等教育出版社教材发展研究所组编 |
| 210 | @a北京@c高等教育出版社@d2022.07 | |
| 215 | @a125页@d30cm | |
| 300 | @a中等职业学校公共基础课程配套教学用书 高等教育出版社中等职业学校公共基础课程教材及配套教学用书——信息技术 | |
| 314 | @a主编:徐维祥、王健、张卫民 | |
| 330 | @a本书分为“用数据说话——数据处理”“感受程序魅力——程序设计入门”“创造动感体验——数字媒体技术应用”等5个单元,每个单元和章节设计了内容分析、教学建议、素养培育、教学设计范例、单元测试参考答案等栏目,并配套有拓展知识与技能、教学流程图、教学设计范例集等数字化资源。 | |
| 606 | 0 | @a计算机课@x职业高中@j教学参考资料 |
| 690 | @aG633.673@v5 | |
| 701 | 0 | @a徐维祥@Axu wei xiang@4主编 |
| 701 | 0 | @a王健@Awang jian@4主编 |
| 701 | 0 | @a张卫民@Azhang wei min@4主编 |
| 801 | 0 | @aCN@bAHXH@c20221111 |
| 905 | @b1373804-8@dG633.673@e932:2@f5 | |
| 信息技术教学参考书.下册/高等教育出版社教材发展研究所组编.-北京:高等教育出版社,2022.07 |
| 125页;30cm |
| 中等职业学校公共基础课程配套教学用书 高等教育出版社中等职业学校公共基础课程教材及配套教学用书——信息技术 |
| ISBN 978-7-04-057995-6:CNY27.60 |
| 本书分为“用数据说话——数据处理”“感受程序魅力——程序设计入门”“创造动感体验——数字媒体技术应用”等5个单元,每个单元和章节设计了内容分析、教学建议、素养培育、教学设计范例、单元测试参考答案等栏目,并配套有拓展知识与技能、教学流程图、教学设计范例集等数字化资源。 |
| ● |
| 相关链接 |
|
|
|
|
正题名:信息技术教学参考书
索取号:G633.673/932:2
 
预约/预借
| 序号 | 登录号 | 条形码 | 馆藏地/架位号 | 状态 | 备注 |
| 1 | 1373804 | 213738044 | 第一样本阅览室/ [索取号:G633.673/932:2] | 在馆 | |
| 2 | 1373805 | 213738053 | 教育系资料室/ [索取号:G633.673/932:2] | 在馆 | |
| 3 | 1373806 | 213738062 | 教育系资料室/ [索取号:G633.673/932:2] | 在馆 | |
| 4 | 1373807 | 213738071 | 第四借阅区/ [索取号:G633.673/932:2] | 在馆 | |
| 5 | 1373808 | 213738080 | 第四借阅区/ [索取号:G633.673/932:2] | 在馆 |